Ancient Delhi (Record no. 11662)

MARC details
000 -LEADER
fixed length control field 00261nam a22000977a 4500
008 - FIXED-LENGTH DATA ELEMENTS--GENERAL INFORMATION
fixed length control field 191122b ||||| |||| 00| 0 eng d
020 ## - INTERNATIONAL STANDARD BOOK NUMBER
International Standard Book Number 9780195684056
100 ## - MAIN ENTRY--PERSONAL NAME
Personal name Singh Upinder
9 (RLIN) 7364
245 ## - TITLE STATEMENT
Title Ancient Delhi
260 ## - PUBLICATION, DISTRIBUTION, ETC. (IMPRINT)
Place of publication, distribution, etc. New Delhi
Name of publisher, distributor, etc. Oxford University Press
Date of publication, distribution, etc. 2006
Holdings
Withdrawn status Lost status Source of classification or shelving scheme Damaged status Koha normalized classification for sorting Not for loan Home library Current library Shelving location Date acquired Total Checkouts Full call number Barcode Date last seen Price effective from Koha item type
    Dewey Decimal Classification   954_560000000000000_P3   Good Samaritan School Library Good Samaritan School Library History 11/22/2019   954.56 P-3 SIN15701 P-3 11/22/2019 11/22/2019 BOOK

Powered by Koha